00930nam a2200289 4500003000400000005001700004008004100021020001800062040001800080050002300098100002800121245005100149264004200200300002500242336002200267337002400289338002400313500008700337650004400424650002500468650002400493650002300517650002100540655005000561942001200611999001700623OSt20260530115300.0260421b2009 NYUa|||| |||| 00| 0 eng d a9781599951683 aICIbspacICI aBF637.S8bM39 20091 aMaxwell, John C.93114210aHow successful people think /cJohn C. Maxwell 1bCenter Street,c2009aNashville, TN : a128 páginasc21 cm atexto2rdacontent asin medio2rdamedia avolumen2rdacarrier aLibro sobre desarrollo del pensamiento orientado al éxito personal y profesional aÉxitoxAspectos psicológicos925867 aPensamiento creativo aDesarrollo personal aToma de decisiones aLiderazgo931146 2localaLibros de superación personal931147 2lcccBK c12822d12822